| 000 | 00859 a2200229 4500 | ||
|---|---|---|---|
| 010 | _aENG-85159 | ||
| 020 |
_a0195684370 _c295.00 |
||
| 035 | _aEN-68692 | ||
| 037 | _bD.B.Act / Pub | ||
| 082 | 1 | 4 | _a658.16 |
| 090 |
_c1551 _d1551 |
||
| 245 | 1 |
_acorporate governance, economic reforms, and development _bissues and institutions _cedited by Darryl Reed and Sanjoy Mukherjee |
|
| 260 |
_aNew Delhi _bOxford University Press _c2006 |
||
| 270 |
_aYMCA Library Building, Jai Singh Road _bNew Delhi _e110 001 |
||
| 300 |
_axxv, 270p. _b22 cm (Pbk.) |
||
| 500 | _aIncludes index | ||
| 500 | _a(HB) edition received in D.B.Act. on 27/01/2004 entry no 30260 | ||
| 710 | _aReed, Darryl , ed. | ||
| 710 | _aMukherjee, Sanjoy, ed. | ||
| 942 |
_adpl _cEN _k658.16 / COR |
||
| 999 |
_c1527 _d1527 |
||